000 00888nam a22002417a 4500
001 83570
003 BD-RjUL
005 20240423164149.0
008 240423s1993 bg a|||| m||| 00| 0 eng d
035 _a(BD-RjUL)83570
040 _aBD-RjUL
_beng
_cBD-RjUL
_dBD-RjUL
041 _aeng
082 _223
_a572.7
_bCHC 1993
100 _aChakraborty, Haribal
_912685
245 1 0 _aCatalytic activities of metal complexes and their relation to enzymes /
_cBy Haribal, Chakraborty ;
_6Supervisor : M. Lutfor Rahman
260 _aRajshahi :
_bDepartment of Chemistry, University of Rajshahi,
_c1993
300 _a[12], 395 leaves :
_bill, ;
_c30.cm.
502 _aThesis (Ph. D.) -- Department of Chemistry, University of Rajshahi, 1993
504 _aReferences : Leaves 1 - 5
650 _aEnzymes
_vBiochemistry
_96395
700 _aRahman, M. Lutfor, Supervisor
_912686
942 _2ddc
_cTHE
999 _c83570
_d83570